[Event "Mitropa Cup 31st"]
[Site "Sibenik"]
[Date "2012.06.04"]
[Round "5"]
[White "Kreisl, Robert"]
[Black "Sebenik, Matej"]
[Result "0-1"]
[WhiteElo "2398"]
[BlackElo "2573"]
[PlyCount "136"]
[EventDate "2012.05.31"]
[EventType "team-tourn"]
[EventRounds "9"]
[EventCountry "CRO"]
[Source "ChessBase"]
[SourceDate "2012.06.22"]
[WhiteTeam "Austria"]
[BlackTeam "Slovenia"]
[WhiteTeamCountry "AUT"]
[BlackTeamCountry "SLO"]

1. Nf3 c5 2. c4 g6 3. e4 Nc6 4. d4 cxd4 5. Nxd4 Nf6 6. Nc3 d6 7. Be2 Nxd4 8.
Qxd4 Bg7 9. Be3 O-O 10. Qd2 Qa5 11. Rc1 Be6 12. f3 Rfc8 13. b3 a6 14. Na4 Qxd2+
15. Kxd2 Nd7 16. g4 f5 17. gxf5 gxf5 18. Nc3 fxe4 19. Nxe4 Kh8 20. Rhg1 Rf8 21.
f4 Rad8 22. Ng5 Bg8 23. Bg4 d5 24. Bxd7 Rxd7 25. cxd5 e5 26. f5 Bxd5 27. Ke2
Rxf5 28. Rc8+ Rf8 29. Rxf8+ Bxf8 30. Rf1 Bg7 31. Rc1 Bf6 32. Rf1 Bg7 33. Rc1
Bc6 34. a4 Kg8 35. Ne6 Bf6 36. Rf1 Kf7 37. Nf8 Kxf8 38. Rxf6+ Kg7 39. Rf5 Rd5
40. Rg5+ Kf6 41. Rh5 Rd7 42. Rh6+ Kf5 43. Rh5+ Ke6 44. Rh6+ Kd5 45. Rh5 Rf7 46.
Rg5 Bd7 47. Rg3 h5 48. Bf2 Bg4+ 49. Ke1 Bf3 50. Rg5 Ke4 51. Bg3 Re7 52. Kf2 Bg4
53. a5 Kd4 54. h3 Bd1 55. Ke1 Bf3 56. Kd2 e4 57. Bd6 e3+ 58. Kc2 Be4+ 59. Kb2
Rf7 60. Bc5+ Kd3 61. Rg8 Rf2+ 62. Ka3 Rf5 63. Bb4 e2 64. Rd8+ Ke3 65. Bd2+ Kf2
66. Re8 Rd5 67. Bb4 Bf3 68. Re7 Rd1 0-1

[Event "Mitropa Cup 31st"]
[Site "Sibenik"]
[Date "2012.06.04"]
[Round "5"]
[White "Jurcik, Marian"]
[Black "Bosiocic, Marin"]
[Result "0-1"]
[WhiteElo "2491"]
[BlackElo "2555"]
[PlyCount "78"]
[EventDate "2012.05.31"]
[EventType "team-tourn"]
[EventRounds "9"]
[EventCountry "CRO"]
[Source "ChessBase"]
[SourceDate "2012.06.22"]
[WhiteTeam "Slovakia"]
[BlackTeam "Croatia"]
[WhiteTeamCountry "SVK"]
[BlackTeamCountry "CRO"]

1. d4 Nf6 2. c4 e6 3. Nc3 Bb4 4. Qc2 c5 5. dxc5 Na6 6. a3 Bxc3+ 7. Qxc3 Nxc5 8.
f3 d5 9. cxd5 b6 10. Bg5 exd5 11. Bxf6 Qxf6 12. Qxf6 gxf6 13. e3 Ke7 14. b4 Ne6
15. Ne2 a5 16. b5 Ra7 17. Nd4 Nxd4 18. exd4 Bf5 19. Rc1 Re8 20. Kd2 Kd8 21. Be2
Rae7 22. Rhe1 Re3 23. Bf1 Rxa3 24. Rxe8+ Kxe8 25. Rc6 a4 26. Rxb6 Rb3 27. Ra6
a3 28. Be2 Rb2+ 29. Ke3 a2 30. g4 Bc2 31. Ra7 Kd8 32. b6 Bb1 33. Ra5 Ke7 34.
Ra7+ Kd6 35. Ra6 Kc6 36. Ra5 Kxb6 37. Ra6+ Kb7 38. Ra3 Bc2 39. h4 Rb3+ 0-1

[Event "Mitropa Cup 31st"]
[Site "Sibenik"]
[Date "2012.06.04"]
[Round "5"]
[White "Kuljasevic, Davorin"]
[Black "Pacher, Milan"]
[Result "1-0"]
[WhiteElo "2574"]
[BlackElo "2440"]
[PlyCount "131"]
[EventDate "2012.05.31"]
[EventType "team-tourn"]
[EventRounds "9"]
[EventCountry "CRO"]
[Source "ChessBase"]
[SourceDate "2012.06.22"]
[WhiteTeam "Croatia"]
[BlackTeam "Slovakia"]
[WhiteTeamCountry "CRO"]
[BlackTeamCountry "SVK"]

1. d4 Nf6 2. c4 g6 3. Nc3 Bg7 4. e4 d6 5. Nf3 O-O 6. Be2 e5 7. d5 a5 8. Bg5 Na6
9. Nd2 h6 10. Be3 Ne8 11. O-O Nc5 12. b3 f5 13. f3 f4 14. Bf2 g5 15. a3 Rf7 16.
b4 axb4 17. axb4 Rxa1 18. Qxa1 Na6 19. Qa3 Bf8 20. c5 dxc5 21. bxc5 Rg7 22. Nc4
Qe7 23. d6 cxd6 24. Nd5 Qe6 25. cxd6 Nxd6 26. Qc3 Nc7 27. Ndb6 Ncb5 28. Qb2 Rc7
29. Nd5 Rf7 30. Qxe5 Bg7 31. Qxe6 Bxe6 32. Nxd6 Nxd6 33. Rd1 Rd7 34. Bc5 Be5
35. Nb6 Rd8 36. Nc4 Bxc4 37. Bxc4+ Kg7 38. Bd5 Ra8 39. Rb1 Kf6 40. h4 gxh4 41.
Kh2 Ra5 42. Bf2 b5 43. Bxh4+ Kg6 44. Rc1 Bf6 45. Bf2 Ra6 46. Bc5 Nc4 47. Bxc4
bxc4 48. Rxc4 Rc6 49. Rc1 Bh4 50. Kg1 Kf7 51. Kf1 Ke6 52. Be3 Rxc1+ 53. Bxc1
Ke5 54. Bb2+ Ke6 55. Ke2 h5 56. Kd3 Bd8 57. Kc4 Bb6 58. Bd4 Ba5 59. Kb5 Bd2 60.
Kc6 Ba5 61. Bb6 Bb4 62. Bc7 Bd2 63. Kc5 Be3+ 64. Kc4 Bc1 65. Kd3 Kd7 66. Ba5
1-0

[Event "Mitropa Cup 31st"]
[Site "Sibenik"]
[Date "2012.06.04"]
[Round "5"]
[White "Martinovic, Sasa"]
[Black "Straka, Josef Jr"]
[Result "1-0"]
[WhiteElo "2504"]
[BlackElo "2373"]
[PlyCount "77"]
[EventDate "2012.05.31"]
[EventType "team-tourn"]
[EventRounds "9"]
[EventCountry "CRO"]
[Source "ChessBase"]
[SourceDate "2012.06.22"]
[WhiteTeam "Croatia"]
[BlackTeam "Slovakia"]
[WhiteTeamCountry "CRO"]
[BlackTeamCountry "SVK"]

1. Nf3 Nf6 2. g3 d5 3. Bg2 Bf5 4. d3 e6 5. O-O h6 6. c4 c6 7. cxd5 exd5 8. Nc3
Be7 9. Nd4 Bh7 10. e4 dxe4 11. dxe4 Nbd7 12. Re1 Nc5 13. e5 Nd5 14. Nxd5 cxd5
15. Qg4 Bg6 16. e6 Bf6 17. exf7+ Kxf7 18. Ne6 Qd7 19. Bxd5 Qxd5 20. Qxg6+ Kxg6
21. Nf4+ Kf7 22. Nxd5 Nd3 23. Rd1 Nxc1 24. Raxc1 Rac8 25. Nxf6 Kxf6 26. Rxc8
Rxc8 27. Rd7 Rb8 28. Kg2 a5 29. Rd6+ Ke5 30. Rg6 b5 31. Rxg7 a4 32. Re7+ Kd4
33. Rd7+ Kc4 34. f4 b4 35. Rd2 a3 36. b3+ Kc3 37. Rf2 Rb6 38. f5 Rf6 39. g4 1-0

[Event "Mitropa Cup 31st"]
[Site "Sibenik"]
[Date "2012.06.04"]
[Round "5"]
[White "Mazur, Stefan"]
[Black "Doric, Darko"]
[Result "1/2-1/2"]
[WhiteElo "2391"]
[BlackElo "2513"]
[PlyCount "115"]
[EventDate "2012.05.31"]
[EventType "team-tourn"]
[EventRounds "9"]
[EventCountry "CRO"]
[Source "ChessBase"]
[SourceDate "2012.06.22"]
[WhiteTeam "Slovakia"]
[BlackTeam "Croatia"]
[WhiteTeamCountry "SVK"]
[BlackTeamCountry "CRO"]

1. e4 c6 2. d4 d5 3. Nc3 dxe4 4. Nxe4 Bf5 5. Ng3 Bg6 6. h4 h6 7. Nf3 Nd7 8. h5
Bh7 9. Bd3 Bxd3 10. Qxd3 e6 11. Bd2 Ngf6 12. O-O-O Be7 13. Ne4 Nxe4 14. Qxe4
Nf6 15. Qd3 Ng4 16. Qe2 Qd5 17. c4 Qf5 18. Ne5 Nxe5 19. Qxe5 Qxe5 20. dxe5 Bc5
21. f3 O-O-O 22. Bc3 Kc7 23. Kc2 Rxd1 24. Rxd1 Rd8 25. Rxd8 Kxd8 26. g4 Be3 27.
Kd3 Bc1 28. Ke4 g6 29. b3 gxh5 30. gxh5 Kd7 31. Be1 Ke7 32. Bh4+ Kf8 33. a4 Ke8
34. b4 Ba3 35. Be1 Bc1 36. Bf2 a6 37. Bc5 Bd2 38. Bd6 Bc3 39. b5 axb5 40. cxb5
cxb5 41. axb5 Bb2 42. Bb4 Bc1 43. Kd4 Bg5 44. Be1 Kd7 45. Kc5 Be3+ 46. Kc4 Bf4
47. Bc3 b6 48. Kd3 Bg5 49. Ke4 Be7 50. Bd2 Bf8 51. Bc1 Kd8 52. Be3 Kc7 53. Bf2
Kb7 54. Bh4 Kc7 55. Bf6 Kd7 56. f4 Kc7 57. f5 Ba3 58. Bg7 1/2-1/2

[Event "Mitropa Cup 31st"]
[Site "Sibenik"]
[Date "2012.06.04"]
[Round "5"]
[White "Biolek, Richard"]
[Black "Shytaj, Luca"]
[Result "1/2-1/2"]
[WhiteElo "2412"]
[BlackElo "2496"]
[PlyCount "126"]
[EventDate "2012.05.31"]
[EventType "team-tourn"]
[EventRounds "9"]
[EventCountry "CRO"]
[Source "ChessBase"]
[SourceDate "2012.06.22"]
[WhiteTeam "Czech Republic"]
[BlackTeam "Italy"]
[WhiteTeamCountry "CZE"]
[BlackTeamCountry "ITA"]

1. d4 Nf6 2. c4 e6 3. g3 d5 4. Nf3 Bb4+ 5. Bd2 Be7 6. Bg2 O-O 7. O-O c6 8. Qc2
Nbd7 9. Rd1 Ne4 10. Nc3 f5 11. a4 a5 12. Be3 Bd6 13. Ne5 Qe7 14. Nxe4 fxe4 15.
Nxd7 Bxd7 16. f3 exf3 17. exf3 Be8 18. f4 Bg6 19. Qb3 Qf7 20. c5 Bb8 21. Qc3
Bc7 22. b3 Bf5 23. Re1 h5 24. h4 Rfb8 25. Bf1 b6 26. b4 bxc5 27. bxc5 Rb4 28.
Ra3 Rab8 29. Bf2 Qg6 30. Bd3 Rb2 31. Bxf5 Qxf5 32. Qe3 Kf7 33. Qf3 Rb1 34. Rae3
g6 35. Kg2 Rxe1 36. Rxe1 Rb4 37. Qe2 Qe4+ 38. Qxe4 dxe4 39. Rxe4 Rxa4 40. Re2
Rb4 41. Ra2 a4 42. Be3 Kf6 43. Bd2 Rb3 44. Bc1 Rc3 45. Bd2 Rb3 46. Bc1 Kf5 47.
Rxa4 Rc3 48. Ra1 Kg4 49. Kf2 Rxg3 50. Ra6 Bxf4 51. Bxf4 Rf3+ 52. Ke2 Rxf4 53.
Ke3 Kf5 54. Rxc6 Rxh4 55. Rc8 Rh3+ 56. Kd2 Ke4 57. Rd8 Rd3+ 58. Kc2 Ra3 59. c6
Ra7 60. Rg8 Kd5 61. Rxg6 Rh7 62. Kd3 Kxc6 63. Rxe6+ Kd5 1/2-1/2

[Event "Mitropa Cup 31st"]
[Site "Sibenik"]
[Date "2012.06.04"]
[Round "5"]
[White "Brunello, Sabino"]
[Black "Cvek, Robert"]
[Result "1/2-1/2"]
[WhiteElo "2592"]
[BlackElo "2563"]
[PlyCount "138"]
[EventDate "2012.05.31"]
[EventType "team-tourn"]
[EventRounds "9"]
[EventCountry "CRO"]
[Source "ChessBase"]
[SourceDate "2012.06.22"]
[WhiteTeam "Italy"]
[BlackTeam "Czech Republic"]
[WhiteTeamCountry "ITA"]
[BlackTeamCountry "CZE"]

1. e4 c5 2. Nf3 Nc6 3. Bb5 g6 4. O-O Bg7 5. Re1 Nf6 6. c3 O-O 7. h3 e5 8. d4
cxd4 9. cxd4 Nxd4 10. Nxd4 exd4 11. Qxd4 d5 12. e5 Ne4 13. Nc3 Nxc3 14. bxc3
Qa5 15. a4 Bf5 16. Ba3 Rfc8 17. Bb4 Qc7 18. a5 Be4 19. f4 Qd8 20. a6 bxa6 21.
Bxa6 Rcb8 22. Bd3 Bxd3 23. Ba5 Qh4 24. Qxd3 Qxf4 25. Qxd5 Qf5 26. c4 Qe6 27.
Bc7 Rc8 28. Bd6 Qxd5 29. cxd5 a5 30. Ra4 Rd8 31. Rb1 Re8 32. Bc7 Bxe5 33. d6
Re6 34. Rd1 Ra6 35. Rad4 Rc6 36. Rd5 Rxc7 37. dxc7 Bxc7 38. Kf1 Kg7 39. R1d3
Rc6 40. Rd7 Be5 41. Rf3 Rf6 42. Ke2 Rxf3 43. Kxf3 Bc3 44. Ke4 h5 45. Kd5 Kf6
46. Kd6 Bb4+ 47. Kd5 Bc3 48. Rc7 Bb4 49. Rc2 Be1 50. Re2 Bb4 51. Rf2+ Kg7 52.
Kc6 f5 53. Kd5 Kf6 54. Rc2 Be1 55. Rc6+ Kf7 56. Re6 Bc3 57. Ra6 Bb4 58. Rb6 Bc3
59. Rc6 Be1 60. Rc1 Bg3 61. Ra1 Bc7 62. Kc6 Bd8 63. Kd7 Bf6 64. Rxa5 Bb2 65.
Ra7 Bc3 66. Kd8+ Kg8 67. Ke7 Bb2 68. Ke6 Bc3 69. Rb7 Ba1 1/2-1/2

[Event "Mitropa Cup 31st"]
[Site "Sibenik"]
[Date "2012.06.04"]
[Round "5"]
[White "Dvirnyy, Daniyl"]
[Black "Simacek, Pavel"]
[Result "1/2-1/2"]
[WhiteElo "2515"]
[BlackElo "2460"]
[PlyCount "130"]
[EventDate "2012.05.31"]
[EventType "team-tourn"]
[EventRounds "9"]
[EventCountry "CRO"]
[Source "ChessBase"]
[SourceDate "2012.06.22"]
[WhiteTeam "Italy"]
[BlackTeam "Czech Republic"]
[WhiteTeamCountry "ITA"]
[BlackTeamCountry "CZE"]

1. c4 e6 2. g3 d5 3. Bg2 c6 4. Nf3 dxc4 5. O-O Nd7 6. Qc2 Nb6 7. Na3 Nf6 8.
Nxc4 Be7 9. d3 O-O 10. Bd2 Nxc4 11. dxc4 Qc7 12. Bc3 Nd7 13. Rad1 Re8 14. h4 h6
15. Rd2 Bf6 16. Rfd1 Bxc3 17. Qxc3 Nf8 18. Qe5 Qe7 19. Qd6 Qxd6 20. Rxd6 f6 21.
Nd4 Re7 22. Rd8 Rd7 23. Nb3 Kf7 24. Na5 Ke7 25. R8xd7+ Nxd7 26. b4 Ne5 27. a3
Nf7 28. c5 Nd8 29. f4 Bd7 30. Nc4 Nf7 31. Kf2 Rd8 32. Ke3 Bc8 33. Rxd8 Kxd8 34.
Kd4 Kc7 35. Be4 b5 36. Na5 e5+ 37. Ke3 Bd7 38. Bg6 exf4+ 39. gxf4 Nd8 40. Nb3
Ne6 41. f5 Nf8 42. Nd4 Nxg6 43. fxg6 Bh3 44. Kf4 Kd7 45. e4 Be6 46. Nf3 Bh3 47.
e5 fxe5+ 48. Nxe5+ Kc7 49. Ke4 Bg2+ 50. Kf5 Bh3+ 51. Kf4 Be6 52. Nf3 Kd7 53.
Ne5+ Kc7 54. Nf7 Kd7 55. Ke5 Ke7 56. Nd6 Bg4 57. Kf4 Be6 58. Ke5 Bg4 59. Ne4
Bh5 60. Kf5 Bd1 61. Ke5 Bc2 62. h5 Bxe4 63. Kxe4 Ke6 64. Kf4 Kf6 65. Ke4 Ke6
1/2-1/2

[Event "Mitropa Cup 31st"]
[Site "Sibenik"]
[Date "2012.06.04"]
[Round "5"]
[White "Plat, Vojtech"]
[Black "Godena, Michele"]
[Result "1/2-1/2"]
[WhiteElo "2485"]
[BlackElo "2521"]
[PlyCount "71"]
[EventDate "2012.05.31"]
[EventType "team-tourn"]
[EventRounds "9"]
[EventCountry "CRO"]
[Source "ChessBase"]
[SourceDate "2012.06.22"]
[WhiteTeam "Czech Republic"]
[BlackTeam "Italy"]
[WhiteTeamCountry "CZE"]
[BlackTeamCountry "ITA"]

1. c4 e6 2. g3 d5 3. Bg2 dxc4 4. Qa4+ c6 5. Qxc4 b5 6. Qc2 Bb7 7. Nc3 a6 8. e3
Nf6 9. Nge2 Be7 10. d4 O-O 11. O-O Nbd7 12. b3 Qc8 13. Ne4 c5 14. Ba3 Nxe4 15.
Bxe4 Bxe4 16. Qxe4 b4 17. Bb2 c4 18. bxc4 Qxc4 19. Nf4 Nc5 20. Qe5 Na4 21. Rfc1
Qb5 22. Qc7 Bg5 23. Rab1 Bxf4 24. exf4 Qd5 25. Ba1 Rad8 26. Qc2 Nb6 27. Rxb4
Rc8 28. Qb1 Rxc1+ 29. Qxc1 Rc8 30. Qb1 Nd7 31. Bc3 Rxc3 32. Rb8+ Nf8 33. Rxf8+
Kxf8 34. Qb4+ Ke8 35. Qxc3 Qxa2 36. Qc8+ 1/2-1/2

[Event "Mitropa Cup 31st"]
[Site "Sibenik"]
[Date "2012.06.04"]
[Round "5"]
[White "Banusz, Tamas"]
[Black "Aguettaz, Maxime"]
[Result "1-0"]
[WhiteElo "2582"]
[BlackElo "2443"]
[PlyCount "97"]
[EventDate "2012.05.31"]
[EventType "team-tourn"]
[EventRounds "9"]
[EventCountry "CRO"]
[Source "ChessBase"]
[SourceDate "2012.06.22"]
[WhiteTeam "Hungary"]
[BlackTeam "France"]
[WhiteTeamCountry "HUN"]
[BlackTeamCountry "FRA"]

1. Nf3 Nf6 2. c4 e6 3. g3 b6 4. Bg2 Bb7 5. O-O c5 6. Nc3 Be7 7. d4 cxd4 8. Qxd4
Nc6 9. Qf4 O-O 10. Rd1 Qb8 11. b3 Rd8 12. Bb2 Qxf4 13. gxf4 Rac8 14. Ne5 d6 15.
Nxc6 Bxc6 16. Rd3 Bxg2 17. Kxg2 d5 18. cxd5 Nxd5 19. Nxd5 Rxd5 20. Rxd5 exd5
21. Kf3 Rc2 22. Rb1 Bf6 23. Rc1 Rxc1 24. Bxc1 Kf8 25. e4 dxe4+ 26. Kxe4 Ke8 27.
Kd5 Kd7 28. b4 a6 29. a4 Be7 30. b5 axb5 31. axb5 Bd6 32. Be3 Bc7 33. h3 f6 34.
f5 Bd6 35. Bf4 Be7 36. Bg3 Bb4 37. h4 g6 38. fxg6 hxg6 39. f3 Bc5 40. Be1 Ke7
41. Kc6 Ke6 42. Bg3 f5 43. Bc7 Be7 44. Bxb6 Bxh4 45. Be3 Bd8 46. b6 Bxb6 47.
Kxb6 f4 48. Bxf4 Kf5 49. Bh2 1-0

[Event "Mitropa Cup 31st"]
[Site "Sibenik"]
[Date "2012.06.04"]
[Round "5"]
[White "Dubessay, Bastien"]
[Black "Papp, Gabor"]
[Result "0-1"]
[WhiteElo "2384"]
[BlackElo "2552"]
[PlyCount "82"]
[EventDate "2012.05.31"]
[EventType "team-tourn"]
[EventRounds "9"]
[EventCountry "CRO"]
[Source "ChessBase"]
[SourceDate "2012.06.22"]
[WhiteTeam "France"]
[BlackTeam "Hungary"]
[WhiteTeamCountry "FRA"]
[BlackTeamCountry "HUN"]

1. d4 d6 2. c4 e5 3. Nf3 e4 4. Ng5 f5 5. g3 Be7 6. Nh3 Nf6 7. Bg2 O-O 8. O-O c5
9. d5 Nbd7 10. f3 exf3 11. exf3 Ne5 12. Qc2 Nh5 13. Bd2 a6 14. a4 Rb8 15. f4
Ng4 16. Nf2 Bf6 17. Nxg4 fxg4 18. Bc3 Bf5 19. Be4 Bxe4 20. Qxe4 Qd7 21. f5 Rbe8
22. Qxg4 g6 23. Bxf6 Nxf6 24. Qf3 Ne4 25. Qd3 Rxf5 26. Nd2 Rxf1+ 27. Rxf1 Nxd2
28. Qxd2 Qxa4 29. Qf4 Qd7 30. h4 Qe7 31. Qf6 b5 32. Qxe7 Rxe7 33. Rf6 Rd7 34.
cxb5 axb5 35. Re6 Kf7 36. Kf2 c4 37. Re4 Re7 38. Rf4+ Kg7 39. g4 g5 40. hxg5
Rf7 41. Rf5 Kg6 0-1

[Event "Mitropa Cup 31st"]
[Site "Sibenik"]
[Date "2012.06.04"]
[Round "5"]
[White "Erdos, Viktor"]
[Black "Housieaux, David"]
[Result "1-0"]
[WhiteElo "2624"]
[BlackElo "2452"]
[PlyCount "119"]
[EventDate "2012.05.31"]
[EventType "team-tourn"]
[EventRounds "9"]
[EventCountry "CRO"]
[Source "ChessBase"]
[SourceDate "2012.06.22"]
[WhiteTeam "Hungary"]
[BlackTeam "France"]
[WhiteTeamCountry "HUN"]
[BlackTeamCountry "FRA"]

1. d4 Nf6 2. c4 g6 3. Nf3 Bg7 4. g3 O-O 5. Bg2 d6 6. Nc3 c5 7. d5 e5 8. O-O a6
9. a4 a5 10. e4 b6 11. h3 Ra7 12. Bg5 h6 13. Be3 Kh7 14. Qd2 Nh5 15. g4 Nf6 16.
Nh2 Ng8 17. f4 exf4 18. Bxf4 Ba6 19. b3 Bd4+ 20. Kh1 f6 21. Nf3 Be5 22. Nxe5
fxe5 23. Be3 Raf7 24. g5 h5 25. Ne2 Bc8 26. Ng1 Na6 27. Kh2 Rxf1 28. Bxf1 Rf7
29. Bg2 Qf8 30. Re1 Bd7 31. Qe2 Be8 32. Nf3 Bd7 33. Rf1 Ne7 34. Bf2 Ng8 35. Bg3
Rxf3 36. Bxf3 Qe8 37. Be1 Kg7 38. Bd2 Nc7 39. Rg1 Ne7 40. Qe3 Qf7 41. Bxh5 gxh5
42. g6 Qf4+ 43. Qxf4 exf4 44. Bxf4 Ne8 45. e5 Nxg6 46. e6 Bxe6 47. dxe6 Kf6 48.
Bh6 Ne5 49. Rg8 Nc7 50. Bg7+ Kxe6 51. Bxe5 Kxe5 52. Rg5+ Kd4 53. Rxh5 Kc3 54.
Rf5 Kxb3 55. h4 Ne6 56. h5 Ng7 57. Rf3+ Kxa4 58. h6 Ne6 59. Rf5 Nd4 60. Rf4 1-0

[Event "Mitropa Cup 31st"]
[Site "Sibenik"]
[Date "2012.06.04"]
[Round "5"]
[White "Huschenbeth, Niclas"]
[Black "Zueger, Beat"]
[Result "1-0"]
[WhiteElo "2521"]
[BlackElo "2413"]
[PlyCount "163"]
[EventDate "2012.05.31"]
[EventType "team-tourn"]
[EventRounds "9"]
[EventCountry "CRO"]
[Source "ChessBase"]
[SourceDate "2012.06.22"]
[WhiteTeam "Germany"]
[BlackTeam "Switzerland"]
[WhiteTeamCountry "GER"]
[BlackTeamCountry "SUI"]

1. e4 c5 2. Nf3 e6 3. d4 cxd4 4. Nxd4 a6 5. Bd3 Bc5 6. Nb3 Ba7 7. O-O Nc6 8.
Qg4 Nf6 9. Qxg7 Rg8 10. Qh6 Ne5 11. Be2 d5 12. Nc3 Rg6 13. Qh4 Nxe4 14. Qxd8+
Kxd8 15. Nxe4 dxe4 16. Bh5 Rg8 17. Bf4 Bb8 18. Bxe5 Bxe5 19. Bxf7 Rg5 20. f4
exf3 21. Rxf3 Bxb2 22. Raf1 Ke7 23. h4 Rf5 24. Bg8 Bd7 25. Rxf5 exf5 26. Bxh7
Rh8 27. Bxf5 Bxf5 28. Rxf5 Rxh4 29. Kf1 Rc4 30. Rc5 Rf4+ 31. Ke2 Kd6 32. c4 b6
33. Rd5+ Kc6 34. Rd2 Bc3 35. Rc2 Bb4 36. Ke3 Rg4 37. Kf3 Rh4 38. g3 Rh7 39.
Nd4+ Kc5 40. Nb3+ Kd6 41. g4 Ke5 42. Re2+ Kf6 43. Rg2 Rc7 44. Rc2 Kg5 45. Nd4
Rf7+ 46. Nf5 Rc7 47. Nd4 Rf7+ 48. Ke4 Re7+ 49. Kd3 Rd7 50. Ke4 Re7+ 51. Kd5
Rd7+ 52. Ke5 Kxg4 53. Nc6 Bc5 54. Nb8 Ra7 55. Ke4 Bd6 56. Nc6 Rc7 57. Kd5 Bf4
58. Rb2 Be3 59. Rb3 Bc5 60. Nb8 a5 61. Na6 Rc8 62. Nxc5 Rxc5+ 63. Kd4 Rc6 64.
Rb5 Kf4 65. a3 Rd6+ 66. Rd5 Rc6 67. a4 Kg4 68. Rb5 Kf4 69. Kd5 Rh6 70. c5 Rh5+
71. Kc6 Rh6+ 72. Kb7 bxc5 73. Rxa5 Rh5 74. Kb6 Rh6+ 75. Kxc5 Ke5 76. Rb5 Rh1
77. a5 Ke6 78. Kc6 Rc1+ 79. Kb7 Kd6 80. a6 Rc7+ 81. Kb8 Rh7 82. a7 1-0

[Event "Mitropa Cup 31st"]
[Site "Sibenik"]
[Date "2012.06.04"]
[Round "5"]
[White "Rosenthal, Jonathan"]
[Black "Zelbel, Patrick"]
[Result "1/2-1/2"]
[WhiteElo "2325"]
[BlackElo "2377"]
[PlyCount "82"]
[EventDate "2012.05.31"]
[EventType "team-tourn"]
[EventRounds "9"]
[EventCountry "CRO"]
[Source "ChessBase"]
[SourceDate "2012.06.22"]
[WhiteTeam "Switzerland"]
[BlackTeam "Germany"]
[WhiteTeamCountry "SUI"]
[BlackTeamCountry "GER"]

1. d4 Nf6 2. c4 g6 3. Nc3 Bg7 4. e4 d6 5. Nf3 O-O 6. h3 a6 7. Be3 Nbd7 8. g4 c6
9. a4 e5 10. d5 Nc5 11. Nd2 a5 12. Be2 Bd7 13. Qc2 Rc8 14. g5 Ne8 15. h4 f5 16.
h5 Rf7 17. Nf3 Na6 18. hxg6 hxg6 19. O-O-O Nb4 20. Qb3 f4 21. Bd2 Bf8 22. Rh4
cxd5 23. Rdh1 Bg7 24. cxd5 Nc7 25. Kb1 Nca6 26. Qd1 Nc5 27. R1h2 Qb6 28. Bb5
Nbd3 29. Qh1 Kf8 30. Rh8+ Ke7 31. Rxc8 Bxc8 32. Nh4 Nxa4 33. Nxg6+ Kd8 34. Rh8+
Bxh8 35. Qxh8+ Kc7 36. Qe8 Nxc3+ 37. Bxc3 Bd7 38. Qxf7 Qxb5 39. Nf8 Nc5 40.
Ne6+ Nxe6 41. dxe6 Qf1+ 1/2-1/2

[Event "Mitropa Cup 31st"]
[Site "Sibenik"]
[Date "2012.06.04"]
[Round "5"]
[White "Sermier, Guillaume"]
[Black "Bluebaum, Matthias"]
[Result "0-1"]
[WhiteElo "2411"]
[BlackElo "2428"]
[PlyCount "54"]
[EventDate "2012.05.31"]
[EventType "team-tourn"]
[EventRounds "9"]
[EventCountry "CRO"]
[Source "ChessBase"]
[SourceDate "2012.06.22"]
[WhiteTeam "Switzerland"]
[BlackTeam "Germany"]
[WhiteTeamCountry "SUI"]
[BlackTeamCountry "GER"]

1. d4 d5 2. Bf4 c5 3. e3 Nc6 4. c3 Nf6 5. Nf3 Qb6 6. Qb3 c4 7. Qc2 Bf5 8. Qc1
h6 9. h3 e6 10. Be2 Be7 11. Nbd2 O-O 12. O-O Qa5 13. Bd1 b5 14. Bc2 b4 15. g4
Bxc2 16. Qxc2 Nd7 17. e4 Nb6 18. Rfe1 Rac8 19. Nf1 bxc3 20. bxc3 dxe4 21. Rxe4
f5 22. gxf5 Qxf5 23. Ng3 Qxh3 24. Ne5 Nxe5 25. Bxe5 Rf3 26. Re3 Rxe3 27. Qg6
Rxe5 0-1

[Event "Mitropa Cup 31st"]
[Site "Sibenik"]
[Date "2012.06.05"]
[Round "6"]
[White "Biolek, Richard"]
[Black "Diermair, Andreas"]
[Result "0-1"]
[WhiteElo "2412"]
[BlackElo "2414"]
[PlyCount "66"]
[EventDate "2012.05.31"]
[EventType "team-tourn"]
[EventRounds "9"]
[EventCountry "CRO"]
[Source "ChessBase"]
[SourceDate "2012.06.22"]
[WhiteTeam "Czech Republic"]
[BlackTeam "Austria"]
[WhiteTeamCountry "CZE"]
[BlackTeamCountry "AUT"]

1. d4 Nf6 2. c4 e6 3. g3 d5 4. Nf3 Bb4+ 5. Bd2 Be7 6. Bg2 O-O 7. O-O c6 8. Qc2
b6 9. Rd1 Nbd7 10. Bf4 Ba6 11. b3 Rc8 12. Nc3 Nh5 13. Bc1 Nhf6 14. Bf4 Nh5 15.
Bc1 Nhf6 16. Bb2 Qc7 17. e4 dxc4 18. e5 Nd5 19. bxc4 Bxc4 20. Ne4 b5 21. Neg5
g6 22. Qe4 Kg7 23. h4 h6 24. Nh3 N7b6 25. h5 Na4 26. Rd2 Bb4 27. Bc1 Rh8 28.
Qg4 g5 29. Rd1 f5 30. Nfxg5 fxg4 31. Nxe6+ Kf7 32. Nxc7 Nxc7 33. Nf4 Bc3 0-1

[Event "Mitropa Cup 31st"]
[Site "Sibenik"]
[Date "2012.06.05"]
[Round "6"]
[White "Neubauer, Martin"]
[Black "Simacek, Pavel"]
[Result "1/2-1/2"]
[WhiteElo "2415"]
[BlackElo "2460"]
[PlyCount "103"]
[EventDate "2012.05.31"]
[EventType "team-tourn"]
[EventRounds "9"]
[EventCountry "CRO"]
[Source "ChessBase"]
[SourceDate "2012.06.22"]
[WhiteTeam "Austria"]
[BlackTeam "Czech Republic"]
[WhiteTeamCountry "AUT"]
[BlackTeamCountry "CZE"]

1. Nf3 d5 2. d4 c6 3. c4 e6 4. Nc3 dxc4 5. Bg5 Be7 6. Bxe7 Nxe7 7. e3 b5 8. a4
Nd5 9. Ne4 O-O 10. axb5 cxb5 11. b3 cxb3 12. Qxb3 b4 13. Nc5 a5 14. Bc4 Nb6 15.
Bd3 N8d7 16. O-O Nxc5 17. dxc5 Nd5 18. Be4 Bb7 19. Nd4 Qc7 20. c6 Ba6 21. Rfc1
Nc3 22. Rxc3 bxc3 23. Qxc3 e5 24. Nf3 Bc8 25. Nxe5 Re8 26. f4 f6 27. Bd5+ Be6
28. Bxe6+ Rxe6 29. Qc4 Rae8 30. Rd1 fxe5 31. f5 Qxc6 32. Qa2 Qb6 33. fxe6 Rxe6
34. Rb1 Qxe3+ 35. Kh1 Kf7 36. Rf1+ Ke7 37. Qxa5 Qb6 38. Qa3+ Kd7 39. Rf7+ Kc6
40. Qc3+ Kd5 41. Qd3+ Qd4 42. Qb5+ Qc5 43. Qd3+ Qd4 44. Qb3+ Kd6 45. Qa3+ Kc6
46. Qa6+ Qb6 47. Qa4+ Kd5 48. Qa2+ Kd6 49. Qa3+ Kc6 50. Qa4+ Kd5 51. Qa2+ Kd6
52. Qa3+ 1/2-1/2

[Event "Mitropa Cup 31st"]
[Site "Sibenik"]
[Date "2012.06.05"]
[Round "6"]
[White "Shengelia, Davit"]
[Black "Cvek, Robert"]
[Result "1/2-1/2"]
[WhiteElo "2551"]
[BlackElo "2563"]
[PlyCount "52"]
[EventDate "2012.05.31"]
[EventType "team-tourn"]
[EventRounds "9"]
[EventCountry "CRO"]
[Source "ChessBase"]
[SourceDate "2012.06.22"]
[WhiteTeam "Austria"]
[BlackTeam "Czech Republic"]
[WhiteTeamCountry "AUT"]
[BlackTeamCountry "CZE"]

1. Nf3 Nf6 2. g3 d5 3. Bg2 c6 4. c4 dxc4 5. O-O Nbd7 6. Qc2 Nb6 7. Na3 Be6 8.
Ng5 Bg4 9. Nxc4 Bxe2 10. Ne5 Bh5 11. Re1 Nbd7 12. d4 e6 13. Bf3 Nxe5 14. Bxh5
Ng6 15. Bxg6 hxg6 16. Rxe6+ Be7 17. Re2 O-O 18. Nf3 Re8 19. Bg5 Qd5 20. Kg2 Bd6
21. Bxf6 gxf6 22. b3 a5 23. Rae1 Rxe2 24. Rxe2 b5 25. h4 a4 26. Re3 axb3
1/2-1/2